Optimal wellness
This empowering self-care guide challenges the "crisis/disease" orientation of modern medicine -- prescription drugs, expensive surgery, and high-tech intervention -- and points the way to a more comprehensive system of health care that heals the whole person.
সংরক্ষণ করুন:
| প্রধান লেখক: | |
|---|---|
| বিন্যাস: | গ্রন্থ |
| ভাষা: | Undetermined |
| প্রকাশিত: |
New York
Ballantine Books
1995
|
| বিষয়গুলি: | |
| ট্যাগগুলো: |
ট্যাগ যুক্ত করুন
কোনো ট্যাগ নেই, প্রথমজন হিসাবে ট্যাগ করুন!
|
| Thư viện lưu trữ: | Trung tâm Học liệu Trường Đại học Cần Thơ |
|---|
| LEADER | 00733nam a2200193Ia 4500 | ||
|---|---|---|---|
| 001 | CTU_230299 | ||
| 008 | 210402s9999 xx 000 0 und d | ||
| 082 | |a 613 | ||
| 082 | |b G617 | ||
| 100 | |a Golan, Ralph | ||
| 245 | 0 | |a Optimal wellness | |
| 245 | 0 | |c Ralph Golan | |
| 260 | |a New York | ||
| 260 | |b Ballantine Books | ||
| 260 | |c 1995 | ||
| 520 | |a This empowering self-care guide challenges the "crisis/disease" orientation of modern medicine -- prescription drugs, expensive surgery, and high-tech intervention -- and points the way to a more comprehensive system of health care that heals the whole person. | ||
| 650 | |a Sức khỏe,Health | ||
| 910 | |b dqhieu | ||
| 980 | |a Trung tâm Học liệu Trường Đại học Cần Thơ | ||